000
00284nam a22001337a 4500
008
170605b xxu||||| |||| 00| 0 eng d
020
_a
9780801847332
041
_a
eng
080
_a
94
100
_a
18
101
_a
SHH
245
_a
HISTORY FROM CRIME
_c
MUIR,E
942
_2
udc
_c
BK
999
_c
15889
_d
15889